• 首页
  • 本馆介绍
  • 公告通知
  • 最新文献
  • 馆藏检索
  • 电子资源
  • 读者导购
  • 参考咨询
  • 我的图书馆
  • 登录
  • 详细信息显示
  • 放入我的书架
  • 预约/预借图书
  • 作者相关作品
  • 分类相关作品
  • 丛书相关作品
  • 出版社相关作品

书目信息

  • 表格格式
  • 工作单格式
  • 卡片格式
题名:
美术基础教程
    
 
作者: 高铁 主编
分册:  
出版信息: 北京   北京师范大学出版社  2017
页数: 195页
开本: 26cm
丛书名: 全国学前教育专业“十二五”系列规划教材
单 册:
中图分类: J08-43
科图分类:
主题词: 美术课--mei shu ke--幼儿师范学校--教材
电子资源:
ISBN: 978-7-303-11581-5
000 00837cam 2200253 45
001 012001004762
005 20140125093405.0
010    @a978-7-303-11581-5@dCNY26.00
099    @aCAL 012010250129
100    @a20101124d2010 km y0chiy50 ea
101 0  @achi
102    @aCN@b110000
105    @aa z 000yy
106    @ar
200 1  @a美术基础教程@Amei shu ji chu jiao cheng@f主编高铁
210    @a北京@c北京师范大学出版社@d2017
215    @a195页@c图@d26cm
225 2  @a全国学前教育专业“十二五”系列规划教材@Aquan guo xue qian jiao yu zhuan ye “ shi er wu ” xi lie gui hua jiao cai
410  0 @12001@a全国学前教育专业“十二五”系列规划教材
606 0  @a美术课@Amei shu ke@x幼儿师范学校@j教材
690    @aJ08-43@v4
701  0 @a高铁@Agao tie@4主编
801  0 @b江苏凤凰@c20191020
905    @b1239318-23@dJ08-43@e512@f6
    
    美术基础教程/主编高铁.-北京:北京师范大学出版社,2017
    195页:图;26cm.-(全国学前教育专业“十二五”系列规划教材)
    
    
    ISBN 978-7-303-11581-5:CNY26.00
    
●
相关链接 在E读中查询图书 在五车中查询图书 在当当中查询图书 在豆瓣中查询图书


正题名:美术基础教程     索取号:J08-43/512         预约/预借

序号 登录号 条形码 馆藏地/架位号 状态 备注
1 1239318   212393186   第一样本阅览室/ [索取号:J08-43/512] 在馆    
2 1239319   212393195   教育系资料室/ [索取号:J08-43/512] 在馆    
3 1239320   212393202   教育系资料室/ [索取号:J08-43/512] 在馆    
4 1239321   212393211   教育系资料室/ [索取号:J08-43/512] 在馆    
5 1239322   212393220   第一借阅区/ [索取号:J08-43/512] 在馆    
6 1239323   212393239   第一借阅区/ [索取号:J08-43/512] 在馆    
唐山师范学院图书馆 欢迎您!
大连网信软件有限公司© 版权所有